Music Quiz

Random Music or The Beatles Quiz

Ringo Starr Songs 1970 - 1983 Quiz Stats

Quiz not verified by Sporcle

Challenge
Share
Tweet
Embed
Score 0/103 Timer 10:00
0 Plays Today
Hint Answer % Correct
Sentimental Journey (1970)Sentimental Journey
81.3%
Beaucoups of Blues (1970)Beaucoups of Blues
68.8%
Ringo (1973)Photograph
68.8%
Ringo (1973)You're Sixteen
65.6%
Sentimental Journey (1970)Bye Bye Blackbird
59.4%
Sentimental Journey (1970)Night and Day
56.3%
Ringo (1973)I'm the Greatest
56.3%
Sentimental Journey (1970)Stardust
56.3%
Sentimental Journey (1970)Whispering Grass
53.1%
Sentimental Journey (1970)I'm a Fool to Care
53.1%
Sentimental Journey (1970)Blue, Turning Grey Over You
53.1%
Ringo (1973)Oh My My
53.1%
Sentimental Journey (1970)You Always Hurt the One You Love
50%
Sentimental Journey (1970)Love Is a Many Splendoured Thing
50%
Sentimental Journey (1970)Have I Told You Lately That I Love You?
46.9%
Ringo (1973)Six O'Clock
46.9%
Sentimental Journey (1970)Let the Rest of the World Go By
43.8%
Goodnight Vienna (1974)(It's All Down to) Goodnight Vienna
40.6%
Sentimental Journey (1970)Dream
40.6%
Beaucoups of Blues (1970)Love Don't Last Long
40.6%
Beaucoups of Blues (1970)Fastest Growing Heartache in the West
40.6%
Ringo (1973)Have You Seen My Baby
40.6%
Ringo (1973)Step Lightly
40.6%
Ringo (1973)Sunshine Life for Me (Sail Away Raymond)
40.6%
Goodnight Vienna (1974)No No Song
40.6%
Goodnight Vienna (1974)Snookeroo
40.6%
Beaucoups of Blues (1970)$15 Draw
37.5%
Beaucoups of Blues (1970)Wine, Women and Loud Happy Songs
37.5%
Ringo (1973)Devil Woman
37.5%
Stop and Smell the Roses (1981)Back Off Boogaloo
37.5%
Non Album Singles/B-SidesBack Off Boogaloo
37.5%
Beaucoups of Blues (1970)Without Her
34.4%
Beaucoups of Blues (1970)I'd Be Talking All the Time
34.4%
Beaucoups of Blues (1970)Woman of the Night
34.4%
Beaucoups of Blues (1970)I Wouldn't Have You Any Other Way
34.4%
Hint Answer % Correct
Ringo (1973)You and Me (Babe)
34.4%
Goodnight Vienna (1974)Husbands and Wives
34.4%
Non Album Singles/B-SidesIt Don't Come Easy
34.4%
Beaucoups of Blues (1970)Silent Homecoming
31.3%
Beaucoups of Blues (1970)Waiting
31.3%
Beaucoups of Blues (1970)Loser's Lounge
31.3%
Goodnight Vienna (1974)Only You (And You Alone)
31.3%
Goodnight Vienna (1974)Occapella
31.3%
Goodnight Vienna (1974)Oo-Wee
28.1%
Goodnight Vienna (1974)Call Me
25%
Goodnight Vienna (1974)All by Myself
25%
Goodnight Vienna (1974)Goodnight Vienna (Reprise)
21.9%
Goodnight Vienna (1974)Easy for Me
21.9%
Bad Boy (1978)Bad Boy
21.9%
Ringo's Rotogravure (1976)Hey! Baby
18.8%
Ringo's Rotogravure (1976)A Dose of Rock 'n' Roll
15.6%
Non Album Singles/B-SidesDown and Out
15.6%
Ringo the 4th (1977)Drowning in the Sea of Love
12.5%
Old Wave (1983)In My Car
12.5%
Ringo's Rotogravure (1976)Pure Gold
12.5%
Non Album Singles/B-SidesEarly 1970
12.5%
Non Album Singles/B-SidesBlindman
12.5%
Non Album Singles/B-SidesCoochy Coochy
9.4%
Ringo the 4th (1977)Wings
9.4%
Bad Boy (1978)Lipstick Traces (On a Cigarette)
9.4%
Old Wave (1983)I Keep Forgettin'
9.4%
Old Wave (1983)Alibi
9.4%
Non Album Singles/B-SidesJust A Dream
9.4%
Stop and Smell the Roses (1981)Private Property
6.3%
Ringo's Rotogravure (1976)Spooky Weirdness
6.3%
Ringo's Rotogravure (1976)Lady Gaye
6.3%
Ringo's Rotogravure (1976)Las Brisas
6.3%
Ringo's Rotogravure (1976)This Be Called a Song
6.3%
Ringo's Rotogravure (1976)Cryin'
6.3%
Ringo the 4th (1977)Can She Do It Like She Dances
6.3%
Hint Answer % Correct
Bad Boy (1978)Heart on My Sleeve
6.3%
Old Wave (1983)Going Down
6.3%
Stop and Smell the Roses (1981)Wrack My Brain
6.3%
Old Wave (1983)Hopeless
6.3%
Old Wave (1983)Everybody's in a Hurry But Me
6.3%
Old Wave (1983)As Far as We Can Go
6.3%
Old Wave (1983)Picture Show Life
6.3%
Old Wave (1983)She's About a Mover
6.3%
Old Wave (1983)Be My Baby
6.3%
Bad Boy (1978)Who Needs a Heart
3.1%
Ringo's Rotogravure (1976)I'll Still Love You
3.1%
Ringo's Rotogravure (1976)Cookin' (In the Kitchen of Love)
3.1%
Ringo's Rotogravure (1976)You Don't Know Me at All
3.1%
Ringo the 4th (1977)Simple Love Song
3.1%
Ringo the 4th (1977)Tango All Night
3.1%
Ringo the 4th (1977)Gypsies in Flight
3.1%
Ringo the 4th (1977)It's No Secret
3.1%
Ringo the 4th (1977)Sneaking Sally Through the Alley
3.1%
Ringo the 4th (1977)Out on the Streets
3.1%
Ringo the 4th (1977)Gave It All Up
3.1%
Bad Boy (1978)Monkey See Monkey Do
3.1%
Bad Boy (1978)Tonight
3.1%
Bad Boy (1978)Where Did Our Love Go
3.1%
Stop and Smell the Roses (1981)Dead Giveaway
3.1%
Stop and Smell the Roses (1981)Stop and Take the Time to Smell the Roses
3.1%
Stop and Smell the Roses (1981)Attention
3.1%
Stop and Smell the Roses (1981)Drumming Is My Madness
3.1%
Bad Boy (1978)A Man Like Me
0%
Bad Boy (1978)Old Time Relovin'
0%
Bad Boy (1978)Hard Times
0%
Stop and Smell the Roses (1981)You've Got a Nice Way
0%
Stop and Smell the Roses (1981)You Belong to Me
0%
Stop and Smell the Roses (1981)Sure to Fall
0%

You're not logged in!

Compare scores with friends on all Sporcle quizzes.
Sign Up with Email
OR
Log In

You Might Also Like...

Show Comments

Extras

Top Quizzes Today


Score Distribution

Your Account Isn't Verified!

In order to create a playlist on Sporcle, you need to verify the email address you used during registration. Go to your Sporcle Settings to finish the process.